Das zweite Turnier der Schatten : Turkestan und die Politik der Großmächte 1919-1933 /
Im Zuge des "Great Game", das in Russland "Turnier der Schatten" genannt wurde, konkurrierten Briten und Russen im 19. Jahrhundert um Einfluss in Zentralasien. Mit dem Erstarken deutscher Bemühungen in der Region rückten London und St. Petersburg jedoch zusammen. Nach dem Ersten...
Main Author:
Format: eBook
Language: English
Published:
Paderborn :
Ferdinand Schöningh, Brill Deutschland,
2024.
Series:
Schöningh and Fink Early Modern and Modern History E-Books Online, Collection 2025.
Subjects:
Online Access: Login to view Source
Tags: Add Tag
Call Number: DD881
| LEADER | 02773nam a22004698i 4500 | ||
|---|---|---|---|
| 001 | BRILL9783657795536 | ||
| 003 | nllekb | ||
| 005 | 20241111181550.0 | ||
| 006 | m d | ||
| 007 | cr un uuuua | ||
| 008 | 240912s2024 gw sb 001 0 eng d | ||
| 020 | |a 9783657795536 |q (electronic book) | ||
| 020 | |z 9783506795533 |q (print) | ||
| 024 | 7 | |a 10.30965/9783657795536 |2 DOI | |
| 035 | |z (OCoLC)1432419674 | ||
| 040 | |a NL-LeKB |c NL-LeKB |e rda | ||
| 041 | |a eng | ||
| 050 | 4 | |a DD881 | |
| 072 | 7 | |a HBG |2 bicssc | |
| 072 | 7 | |a HIS |x 037000 |2 bisacsh | |
| 082 | 0 | 4 | |a 943 |2 23 |
| 100 | 1 | |a Noack, David X., |e author. | |
| 245 | 1 | 0 | |a Das zweite Turnier der Schatten : |b Turkestan und die Politik der Großmächte 1919-1933 / |c David X. Noack. |
| 246 | 3 | |a Turkestan und die Politik der Großmächte 1919-1933 | |
| 264 | 1 | |a Paderborn : |b Ferdinand Schöningh, Brill Deutschland, |c 2024. | |
| 264 | 4 | |c ©2024 | |
| 300 | |a 1 online resource (556 pages) : |b illustrations. | ||
| 336 | |a text |b txt |2 rdacontent | ||
| 337 | |a computer |b c |2 rdamedia | ||
| 338 | |a online resource |2 rdacarrier | ||
| 490 | 1 | |a Schöningh and Fink Early Modern and Modern History E-Books Online, Collection 2025 | |
| 504 | |a Includes bibliographical references and index. | ||
| 520 | |a Im Zuge des "Great Game", das in Russland "Turnier der Schatten" genannt wurde, konkurrierten Briten und Russen im 19. Jahrhundert um Einfluss in Zentralasien. Mit dem Erstarken deutscher Bemühungen in der Region rückten London und St. Petersburg jedoch zusammen. Nach dem Ersten Weltkrieg und dem Dritten Britisch-Afghanischen Krieg von 1919 standen sich Sowjets und Briten in Zentralasien wieder feindlich gegenüber. Fortan konkurrierten Berlin, London und Moskau um Einfluss in der Region. David X. Noack analysiert die gegenseitige Wahrnehmung der Briten, der Deutschen und der Sowjets in diesem Konflikt, der bis 1933 andauerte. Fehldeutungen und Missverständnisse aufgrund von imperialer Paranoia, Invasionsängsten und fehlendes Verständnis für die Besonderheiten der Region kennzeichneten das Handeln aller Beteiligten. Das Agieren der drei Mächte hat die Region dennoch nachhaltig geprägt, so dass die Auswirkungen noch heute zu spüren sind. See Less | ||
| 546 | |a English | ||
| 588 | |a Description based on print version record. | ||
| 650 | 0 | |a Global History. | |
| 650 | 0 | |a History. | |
| 776 | 0 | 8 | |i Print version: |t Das zweite Turnier der Schatten : Turkestan und die Politik der Großmächte 1919-1933. |d Paderborn : Ferdinand Schöningh, Brill Deutschland, 2024. |z 9783506795533 |
| 830 | 0 | |a Schöningh and Fink Early Modern and Modern History E-Books Online, Collection 2025. | |
| 856 | 4 | |z DOI: |u http://dx.doi.org/10.30965/9783657795536 | |
| 942 | |2 lcc |c EBOOK | ||
| 999 | |c 59905 |d 59905 | ||
